Normal view
MARC view
Entry Personal Name
001 - CONTROL NUMBER
- control field: 20960
003 - CONTROL NUMBER IDENTIFIER
- control field: OSt
005 - DATE AND TIME OF LATEST TRANSACTION
- control field: 20210127165149.0
008 - FIXED-LENGTH DATA ELEMENTS
- fixed length control field: 210127|| aca||aabn | a|a d
040 ## - CATALOGING SOURCE
- Original cataloging agency: OSt
- Transcribing agency: OSt
100 ## - HEADING--PERSONAL NAME
- Personal name: Thomas, M.B, Fay, D.L and Berry, F.S.
670 ## - SOURCE DATA FOUND
- Source citation: Work cat.: (OSt)514514: Thomas, M.B, Fay, D.L and Berry, F.S. , Strategically marketing florid's cities: An exploratory study into how cities engage in public marketing
